00472pab a2200145 454500008004000000100003000040245014200070260000900212300001400221362000800235650002200243650002300265700002000288773001800308180718b2009 xxu||||| |||| 00| 0 eng d aBorel-Saladin, Jacqueline aSocial polarisation or professionalisation? another look at theory and evidence on deindustrialisation and the rise of the service sector c2009 ap.645-64. aMar aIndustrialization aService industries aCrankshaw, Owen aUrban Studies